Religion Quiz

Random Religion or Verse Quiz

Plural Nouns in the Bible Quiz Stats

 Plays Quiz not verified by Sporcle

Score 0/20 Timer 03:00
1 Play Today
% Correct
Eagles
85.8%
Wives
83.5%
Pastures
83.4%
Stars
82.7%
Days
82.5%
Men
82.4%
Sins
81.9%
Prayers
81.8%
Sheep
79.4%
Wrongs
79.3%
% Correct
Plans
78.3%
Creatures
78%
Friends
77.2%
Paths
75.5%
Arrows
74.8%
Waters
73.1%
Wages
73%
Strands
71.1%
Requests
67.8%
Wrongs
66.7%

You're not logged in!

Compare scores with friends on all Sporcle quizzes.
OR
Log In

You Might Also Like...

Show Comments

Extras

Top Quizzes Today


Score Distribution

Your Account Isn't Verified!

In order to create a playlist on Sporcle, you need to verify the email address you used during registration. Go to your Sporcle Settings to finish the process.

Report this User

Report this user for behavior that violates our Community Guidelines.

Details: